[Event "AUTO-MASTER-735"]
[Site "http://www.queenalice.com/game.php?id=537602"]
[Date "2009.2.9"]
[Round "1"]
[White "stoyan1"]
[Black "Kappat"]
[Result "0-1"]
[WhiteElo "1855"]
[BlackElo "2040"]

1. e4 e5 2. Nf3 Nf6 3. Nxe5 d6 4. Nc4 Nxe4 5. Bd3 Nc5 6. Qe2+ Be7 7. O-O O-O 8.
c3 Nc6 9. b4 Nxd3 10. Qxd3 Bf6 11. Ne3 Nxb4 12. Qe4 Nc6 13. Bb2 Re8 14. Qf3 Ne5
15. Qd1 Bg5 16. f4 Bxf4 17. Rxf4 Nd3 18. Rb4 Nxb4 19. cxb4 Qg5 20. Qf3 Rb8 21.
Nc3 Bd7 22. Rf1 f6 23. Ncd5 Bc6 24. Bxf6 gxf6 25. Qxf6 Qg7 26. Rf3 Rxe3 27. Nxe3
Bxf3 28. Qxg7+ Kxg7 29. gxf3 c6 30. Nf5+ Kg6 31. Nxd6 b6 32. Kf2 Rd8 33. Ne4 Rd4
34. a3 Rd3 35. a4 Rd4 36. b5 cxb5 37. axb5 Rd5 38. f4 Rxb5 39. Kf3 Rh5 40. Kg3
a5 41. h4 Rd5 42. Kg4 h5+ 43. Kf3 Rd3+ 44. Kg2 Kf5 45. Ng3+ Kg4 46. Nf1 Kxf4 47.
Kf2 a4 0-1

[Event "AUTO-MASTER-735"]
[Site "http://www.queenalice.com/game.php?id=537603"]
[Date "2009.2.9"]
[Round "1"]
[White "Kappat"]
[Black "stoyan1"]
[Result "1/2-1/2"]
[WhiteElo "2048"]
[BlackElo "1840"]

1. d4 e6 2. c4 c5 3. d5 d6 4. e4 e5 5. Nc3 a6 6. Nf3 h6 7. Be2 Bg4 8. O-O Bxf3
9. Bxf3 Be7 10. Be2 g5 11. Bh5 Nf6 12. Qf3 Nxh5 13. Qxh5 Nd7 14. a3 Nf6 15. Qf3
g4 16. Qf5 Qd7 17. Qxd7+ Nxd7 18. f3 h5 19. f4 f6 20. b4 b6 21. b5 axb5 22. Nxb5
Ra4 23. fxe5 fxe5 24. Nc7+ Kd8 25. Ne6+ Kc8 26. Rf7 Bd8 27. Nxd8 Kxd8 28. Bg5+
Kc8 29. Be7 Rh6 30. Rc1 Rxa3 31. Bf8 Nxf8 32. Rxf8+ Kb7 33. Rcf1 Ra7 34. R8f7+
Kb8 35. Rf8+ Kb7 36. R8f7+ Kb8 1/2-1/2

[Event "AUTO-MASTER-735"]
[Site "http://www.queenalice.com/game.php?id=537614"]
[Date "2009.2.9"]
[Round "1"]
[White "Kappat"]
[Black "Aylton"]
[Result "1-0"]
[WhiteElo "2043"]
[BlackElo "1928"]

1. d4 Nf6 2. c4 e6 3. Nf3 d5 4. e3 a6 5. Nc3 c5 6. cxd5 Nxd5 7. Bc4 Nxc3 8. bxc3
b5 9. Be2 Nc6 10. O-O Bb7 11. Ba3 b4 12. cxb4 cxb4 13. Bb2 f6 14. Rc1 Bd6 15.
Qb3 Qd7 16. Rfd1 a5 17. d5 Nd8 18. dxe6 Nxe6 19. Ne5 fxe5 20. Bxe5 Rd8 21. Rxd6
Qxd6 22. Bxd6 Rxd6 23. Qa4+ Ke7 24. Qxa5 Ra8 25. Qxb4 Nd8 26. Rc7+ Ke6 27. Bc4+
Bd5 28. Bxd5+ Kxd5 29. f4 Nc6 30. e4+ Ke6 31. Qc4+ Kf6 32. e5+ Nxe5 33. fxe5+
Kxe5 34. Re7+ Kf6 35. Qf7+ Kg5 36. Re5+ 1-0

[Event "AUTO-MASTER-735"]
[Site "http://www.queenalice.com/game.php?id=537615"]
[Date "2009.2.9"]
[Round "1"]
[White "Aylton"]
[Black "Kappat"]
[Result "0-1"]
[WhiteElo "1911"]
[BlackElo "2032"]

1. d4 d5 2. Nf3 Nf6 3. e3 e6 4. c4 Be7 5. Nc3 O-O 6. a3 c6 7. Be2 dxc4 8. Bxc4
Nbd7 9. O-O b5 10. Be2 Bb7 11. h3 Rc8 12. b4 a5 13. bxa5 Qxa5 14. Bb2 Nd5 15.
Nxd5 cxd5 16. Qb3 b4 17. axb4 Qxb4 18. Qxb4 Bxb4 19. Ba3 Bxa3 20. Rxa3 Rc2 21.
Bd3 Rb2 22. Ra7 Rb8 23. Rc1 e5 24. Nxe5 Nxe5 25. dxe5 Bc8 26. Rcc7 Be6 27. h4 g6
28. g3 Rd2 29. Bf1 Rbb2 30. f3 Rb1 31. Rab7 Re1 32. Rb8+ Kg7 33. g4 Rxe3 34. Bg2
Ree2 35. Bf1 Re1 0-1

[Event "AUTO-MASTER-784"]
[Site "http://www.queenalice.com/game.php?id=573531"]
[Date "2009.4.17"]
[Round "1"]
[White "sergioperuibe7"]
[Black "Kappat"]
[Result "0-1"]
[WhiteElo "2047"]
[BlackElo "2056"]

1. d4 d5 2. c4 c6 3. Nc3 Nf6 4. Nf3 dxc4 5. a4 Bf5 6. Ne5 e6 7. e3 Nbd7 8. Nxc4
Be7 9. Bd3 Bxd3 10. Qxd3 O-O 11. O-O c5 12. Rd1 cxd4 13. exd4 Qc7 14. Nb5 Qc6
15. Bf4 a6 16. Nc3 Rac8 17. Ne5 Nxe5 18. Bxe5 Nd5 19. Qg3 Bf6 20. Nxd5 exd5 21.
Qf3 Bxe5 22. dxe5 Rfd8 23. Qe3 Qe6 24. Qd4 Rc2 0-1

[Event "AUTO-MASTER-784"]
[Site "http://www.queenalice.com/game.php?id=573532"]
[Date "2009.4.17"]
[Round "1"]
[White "Kappat"]
[Black "sergioperuibe7"]
[Result "1-0"]
[WhiteElo "2039"]
[BlackElo "2064"]

1. d4 Nf6 2. c4 e6 3. Nf3 b6 4. Nc3 Bb7 5. e3 Bb4 6. Be2 O-O 7. O-O c5 8. a3
Bxc3 9. bxc3 Qc7 10. Rb1 d6 11. h3 Nbd7 12. Nd2 Ne4 13. Nxe4 Bxe4 14. Bd3 Bxd3
15. Qxd3 cxd4 16. cxd4 Rac8 17. Rb4 a5 18. Rb3 Qxc4 19. Qxc4 Rxc4 20. Bb2 Rfc8
21. Rb1 f6 22. Kf1 Kf7 23. d5 exd5 24. Bd4 Rc1+ 25. Rxc1 1-0

[Event "AUTO-MASTER-784"]
[Site "http://www.queenalice.com/game.php?id=573547"]
[Date "2009.4.17"]
[Round "1"]
[White "toninho89"]
[Black "Kappat"]
[Result "1-0"]
[WhiteElo "2208"]
[BlackElo "2052"]

1. d4 d5 2. c4 c6 3. Nf3 Nf6 4. Nc3 dxc4 5. a4 Bf5 6. Ne5 e6 7. Nxc4 Be7 8. f3
O-O 9. e4 Bg6 10. Be3 Nbd7 11. Bd3 a6 12. a5 h6 13. O-O c5 14. Be2 cxd4 15. Bxd4
Bc5 16. Bxc5 Nxc5 17. b4 Qxd1 18. Rfxd1 1-0

[Event "AUTO-MASTER-784"]
[Site "http://www.queenalice.com/game.php?id=573548"]
[Date "2009.4.17"]
[Round "1"]
[White "Kappat"]
[Black "toninho89"]
[Result "0-1"]
[WhiteElo "2062"]
[BlackElo "2200"]

1. d4 d5 2. c4 dxc4 3. Nf3 Nf6 4. e3 a6 5. Bxc4 c5 6. O-O e6 7. Nc3 Be7 8. dxc5
O-O 9. b4 a5 10. Qa4 Bd7 11. Bb5 Bxb5 12. Qxb5 axb4 13. Qxb4 Qc7 14. Rb1 Nbd7
0-1

[Event "AUTO-MASTER-784"]
[Site "http://www.queenalice.com/game.php?id=573557"]
[Date "2009.4.17"]
[Round "1"]
[White "seigneur"]
[Black "Kappat"]
[Result "1-0"]
[WhiteElo "2202"]
[BlackElo "2049"]

1. e4 e5 2. Nf3 Nf6 3. Nxe5 d6 4. Nf3 Nxe4 5. d4 d5 6. Bd3 Be7 7. O-O O-O 8. c4
c6 9. Nc3 Nxc3 10. bxc3 Be6 11. cxd5 cxd5 12. Rb1 Qc7 13. Re1 Nc6 14. Ng5 Bxg5
15. Bxg5 h6 16. Qh5 Ne7 17. Bxh6 g6 18. Qh4 Nf5 19. Bxf5 Bxf5 20. Qf6 1-0

[Event "AUTO-MASTER-784"]
[Site "http://www.queenalice.com/game.php?id=573558"]
[Date "2009.4.17"]
[Round "1"]
[White "Kappat"]
[Black "seigneur"]
[Result "0-1"]
[WhiteElo "2072"]
[BlackElo "2219"]

1. d4 Nf6 2. c4 g6 3. Nc3 Bg7 4. e4 d6 5. g3 O-O 6. Bg2 Nc6 7. Nge2 e5 8. d5 Ne7
9. O-O Nh5 10. f4 Bg4 11. Qc2 Qd7 12. b4 Bxe2 13. Nxe2 exf4 14. Bb2 fxg3 15.
Nxg3 Nxg3 16. hxg3 Rae8 17. Bxg7 Kxg7 18. Qc3+ f6 19. Kh2 Ng8 20. Rh1 Qe7 21.
Qd4 b6 22. Kg1 Qe5 23. Rd1 Qxg3 24. Rh3 Qe5 0-1

[Event "AUTO-MASTER-735"]
[Site "http://www.queenalice.com/game.php?id=616104"]
[Date "2009.7.9"]
[Round "2"]
[White "Kappat"]
[Black "Rusty"]
[Result "0-1"]
[WhiteElo "2059"]
[BlackElo "2312"]

1. e4 e5 2. Nf3 Nc6 3. Bb5 a6 4. Ba4 Nf6 5. O-O Be7 6. Re1 b5 7. Bb3 d6 8. c3
O-O 9. h3 Na5 10. Bc2 c5 11. d4 Qc7 12. Nbd2 Nc6 13. Nf1 cxd4 14. cxd4 Nxd4 15.
Nxd4 exd4 16. Bf4 Be6 17. Rc1 Qb6 18. Bb1 Nd7 19. Ng3 Bf6 20. Qh5 g6 0-1

[Event "AUTO-MASTER-735"]
[Site "http://www.queenalice.com/game.php?id=616105"]
[Date "2009.7.9"]
[Round "2"]
[White "Rusty"]
[Black "Kappat"]
[Result "1-0"]
[WhiteElo "2307"]
[BlackElo "2065"]

1. d4 d5 2. c4 c6 3. Nf3 Nf6 4. Nc3 dxc4 5. a4 e6 6. e4 Be7 7. Bxc4 O-O 8. O-O
Nbd7 9. Bf4 Nb6 10. Be2 h6 11. a5 Nbd7 12. Qc2 c5 13. dxc5 Nxc5 14. Rfd1 Ncd7
15. Nb5 a6 16. Nc7 Nxe4 17. Qxe4 Nf6 18. Rxd8 Nxe4 19. Rxf8+ Bxf8 20. Nxa8 g5
21. Be3 f5 22. Nb6 1-0

[Event "AUTO-MASTER-735"]
[Site "http://www.queenalice.com/game.php?id=616106"]
[Date "2009.7.9"]
[Round "2"]
[White "Kappat"]
[Black "Savage_king"]
[Result "1-0"]
[WhiteElo "2054"]
[BlackElo "1974"]

1. e4 e5 2. Nf3 Nc6 3. Bc4 Nf6 4. Ng5 Bc5 5. Nxf7 Bxf2+ 6. Kf1 Qe7 7. Nxh8 d5 8.
exd5 Nd4 9. h3 Bg3 10. c3 Nf5 11. d3 Bd7 12. Qf3 O-O-O 13. d6 cxd6 14. Nf7 Rf8
15. Bg5 h6 16. Bxf6 Qxf6 17. Ke2 Bc6 18. Bd5 Bxd5 19. Qxd5 Rxf7 20. Nd2 Rd7 21.
Rhf1 Bf4 22. Ne4 Qh4 23. Rf3 Rd8 24. Qe6+ 1-0

[Event "AUTO-MASTER-735"]
[Site "http://www.queenalice.com/game.php?id=616107"]
[Date "2009.7.9"]
[Round "2"]
[White "Savage_king"]
[Black "Kappat"]
[Result "0-1"]
[WhiteElo "2029"]
[BlackElo "2084"]

1. e4 e5 2. Nf3 Nf6 3. Nxe5 d6 4. Nxf7 Kxf7 5. d4 g6 6. Nc3 Bg4 7. f3 Be6 8. d5
Bd7 9. Be2 Bg7 10. O-O Rf8 11. Be3 a6 12. Qd2 Kg8 13. Bh6 c5 14. Bxg7 Kxg7 15.
g4 b5 16. h4 b4 17. Nd1 Bb5 18. c4 bxc3 19. Nxc3 Bxe2 20. Nxe2 Nbd7 21. Kh1 Ne5
22. Nf4 Qe7 23. Ne6+ Kg8 24. Nxf8 Rxf8 25. Qg5 Kg7 26. h5 Nxd5 27. h6+ Kg8 28.
Qxe7 Nxe7 29. Rad1 Nf7 30. Kg2 Nc6 31. a3 a5 32. Kg3 Nd4 33. Rh1 Rb8 34. Rxd4
cxd4 35. Rd1 Rxb2 36. Rxd4 Rb3 37. Ra4 Rb5 38. Rd4 Rb6 39. Rd5 Ra6 40. g5 Ne5
41. Rb5 Ra7 42. Rb8+ Kf7 43. f4 Nc4 44. f5 Nxa3 45. Rh8 Nb5 46. Kf4 a4 47. e5
dxe5+ 48. Kxe5 gxf5 0-1

[Event "Desafio #1"]
[Site "http://www.queenalice.com/game.php?id=616188"]
[Date "2009.7.9"]
[Round "-"]
[White "Aylton"]
[Black "Kappat"]
[Result "0-1"]
[WhiteElo "1948"]
[BlackElo "2042"]

1. d4 d5 2. Nf3 Nf6 3. e3 e6 4. c4 c5 5. Nc3 cxd4 6. exd4 Be7 7. h3 O-O 8. Be3
Nbd7 9. Be2 dxc4 10. Bxc4 Nb6 11. Be2 Nbd5 12. Nxd5 Nxd5 13. O-O b6 14. Rc1 Bb7
15. a3 Rc8 16. Qd2 h6 17. Rxc8 Qxc8 18. Rc1 Qd7 19. Ne5 Qd6 20. Nc4 Qd7 21. b4
Rc8 22. Ne5 Qd8 23. Rxc8 Qxc8 24. Kf1 Bf6 25. Nc4 Ba6 26. Qa2 Nc3 27. Nxb6 axb6
0-1

[Event "Desafio #2"]
[Site "http://www.queenalice.com/game.php?id=616189"]
[Date "2009.7.9"]
[Round "-"]
[White "Kappat"]
[Black "Aylton"]
[Result "1-0"]
[WhiteElo "2071"]
[BlackElo "1987"]

1. e4 c5 2. Nf3 Nc6 3. d4 cxd4 4. Nxd4 e5 5. Nb5 d6 6. c4 a6 7. N5c3 Nge7 8. Nd5
Nxd5 9. cxd5 Ne7 10. Nc3 f5 11. f3 g6 12. Bg5 h6 13. Bf6 Rh7 14. Bd3 Kf7 15.
Bxe7 Bxe7 16. Qb3 f4 17. O-O g5 18. Rac1 h5 19. Na4 b5 20. Nc3 Bd7 21. a4 Rb8
22. axb5 axb5 23. Ra1 b4 24. Ne2 Qb6+ 25. Kh1 g4 26. Ra2 h4 27. fxg4 Bxg4 28.
Nxf4 exf4 29. Rxf4+ Ke8 30. Rxg4 Qf2 31. Ra1 h3 32. Rf1 hxg2+ 33. Rxg2 Qh4 34.
Qa4+ Kd8 35. Qa5+ Kd7 36. Qa7+ 1-0

[Event "Challenge"]
[Site "http://www.queenalice.com/game.php?id=635854"]
[Date "2009.8.13"]
[Round "-"]
[White "Gee_eM_Doggy"]
[Black "Kappat"]
[Result "0-1"]
[WhiteElo "1745"]
[BlackElo "2098"]

1. e4 e5 2. Nf3 Nf6 3. Nxe5 d6 4. Nf3 Nxe4 5. Qe2 Qe7 6. d3 Nf6 7. Bf4 Nc6 8.
Nc3 Bg4 9. O-O-O O-O-O 10. h3 Bh5 11. g4 Bg6 12. Re1 h6 13. Bg2 d5 0-1

[Event "AUTO-OPEN-1174"]
[Site "http://www.queenalice.com/game.php?id=642187"]
[Date "2009.8.25"]
[Round "2"]
[White "Silver_Mosquito"]
[Black "Kappat"]
[Result "1-0"]
[WhiteElo "2175"]
[BlackElo "2042"]

1. d4 d5 2. c4 c6 3. Nc3 Nf6 4. Nf3 dxc4 5. a4 Bf5 6. Ne5 e6 7. f3 Nbd7 8. e4
Bg6 9. Nxg6 hxg6 10. Bxc4 Be7 11. Be3 Nb6 12. Bb3 Qc7 13. a5 Nbd7 14. e5 Nd5 15.
Nxd5 exd5 16. f4 O-O-O 17. O-O f6 18. Qg4 g5 19. Bxd5 Kb8 20. Bb3 Rh4 21. Qf5
Rf8 22. Qe6 Bd8 23. g3 Rh6 24. Qc4 Rfh8 25. Rf2 gxf4 26. gxf4 Rh3 27. Re2 Qc8
28. Qe6 fxe5 29. dxe5 g5 30. Bc2 Qc7 31. Bf5 1-0

[Event "AUTO-OPEN-1174"]
[Site "http://www.queenalice.com/game.php?id=642188"]
[Date "2009.8.25"]
[Round "2"]
[White "Kappat"]
[Black "Silver_Mosquito"]
[Result "0-1"]
[WhiteElo "2053"]
[BlackElo "2166"]

1. e4 c5 2. Nf3 Nc6 3. d4 cxd4 4. Nxd4 g6 5. c4 Nf6 6. Nc3 Nxd4 7. Qxd4 Bg7 8.
Be2 O-O 9. O-O d6 10. h3 Bd7 11. Be3 Bc6 12. Qd3 a5 13. f4 Nd7 14. Bf3 a4 15.
Rac1 Qa5 16. Rf2 Nc5 17. Qb1 Rfc8 18. Nd5 Bxd5 19. cxd5 Rc7 20. Rfc2 Rac8 21. b3
axb3 22. axb3 Na6 23. Rxc7 Rxc7 24. Rxc7 Qxc7 25. Qa2 Qc3 26. Bf2 Bd4 27. Bxd4
Qxd4+ 28. Kh2 Kg7 29. Qa5 Qe3 30. Kg3 Nc5 31. Qd8 Nxe4+ 32. Kh2 Qxf4+ 0-1

[Event "AUTO-OPEN-1174"]
[Site "http://www.queenalice.com/game.php?id=642191"]
[Date "2009.8.25"]
[Round "2"]
[White "pviaro"]
[Black "Kappat"]
[Result "1-0"]
[WhiteElo "2040"]
[BlackElo "2031"]

1. e4 e5 2. Nf3 Nf6 3. d4 exd4 4. e5 Qe7 5. Be2 Ne4 6. Qxd4 Qb4+ 7. c3 Qxd4 8.
Nxd4 d5 9. f3 Nc5 10. b4 Ne6 11. a3 c5 12. Nxe6 Bxe6 13. Be3 Nd7 14. f4 Be7 15.
O-O O-O 16. f5 Nxe5 17. fxe6 fxe6 18. Nd2 Rf6 19. Rab1 cxb4 20. cxb4 a6 21. Rfc1
Bd6 22. Bd4 Raf8 23. Nb3 Rf4 24. Bc5 Bxc5+ 25. Nxc5 Rf2 26. Re1 R8f6 27. Rbc1
Ng6 28. Nd3 R2f5 29. Bg4 Rg5 30. Bxe6+ Kf8 31. Rc8+ Ke7 32. Bxd5+ Kd7 33. Bxb7
Nh4 34. Nc5+ Kd6 35. Rc6+ Kd5 36. Rxf6+ Kc4 37. Rf4+ 1-0

[Event "AUTO-OPEN-1174"]
[Site "http://www.queenalice.com/game.php?id=642192"]
[Date "2009.8.25"]
[Round "2"]
[White "Kappat"]
[Black "pviaro"]
[Result "1/2-1/2"]
[WhiteElo "2015"]
[BlackElo "2071"]

1. e4 e5 2. Nf3 Nc6 3. Bc4 Bc5 4. c3 Nf6 5. d4 exd4 6. cxd4 Bb4+ 7. Bd2 Nxe4 8.
Bxb4 Nxb4 9. Qb3 Qe7 10. O-O c6 11. Bxf7+ Kd8 12. Re1 d5 13. Ne5 Rf8 14. f3 Bf5
15. fxe4 Bxe4 16. Na3 Qg5 17. Qh3 Qf5 18. Qxf5 Bxf5 19. Re2 g6 20. Rae1 Rc8 21.
g4 Be4 22. Be6 Rc7 23. Rf1 Rxf1+ 24. Kxf1 Nd3 25. Bg8 Rg7 26. Nf7+ Ke7 27. Nh6
Kf8 28. Nc2 Rxg8 29. Nxg8 Kxg8 30. Ne3 Nf4 31. Rf2 g5 32. Nf5 Bxf5 33. gxf5 Kf7
34. h4 Kf6 35. hxg5+ Kxf5 36. Rh2 Ne6 37. Rxh7 b5 38. Rxa7 Kxg5 39. Ke2 Nxd4+
40. Kd3 Ne6 41. Ra6 Nd8 42. Kd4 Kf5 43. Kc5 Ke6 44. Ra8 Kd7 45. Ra7+ Kc8 46. Kd6
Kb8 47. Rd7 Kc8 48. a3 d4 49. Ke7 Nb7 50. Rxd4 Kc7 51. Rh4 Na5 52. b4 Nc4 53. a4
Ne3 54. Re4 Nd5+ 55. Ke6 bxa4 56. Rc4 a3 57. b5 a2 58. Rxc6+ Kb7 59. Ra6 Nb4 60.
Rxa2 1/2-1/2

[Event "Desafio #03"]
[Site "http://www.queenalice.com/game.php?id=648816"]
[Date "2009.9.7"]
[Round "-"]
[White "Aylton"]
[Black "Kappat"]
[Result "1-0"]
[WhiteElo "1983"]
[BlackElo "2085"]

1. f4 d5 2. Nf3 Nf6 3. d3 g6 4. e3 Bg7 5. Be2 O-O 6. O-O c5 7. Nc3 Nc6 8. h3 d4
9. exd4 Nxd4 10. Nxd4 Qxd4+ 11. Kh2 Be6 12. Nb5 Qd7 13. a4 a6 14. Nc3 Rfd8 15.
g4 Rac8 16. Kg3 c4 17. dxc4 Qxd1 18. Rxd1 Rxd1 19. Bxd1 Rxc4 20. Be2 Rc7 21. Bd2
Nd5 22. Nxd5 Bxd5 23. c3 e5 24. fxe5 Bxe5+ 25. Bf4 Bxf4+ 26. Kxf4 f6 27. a5 Kf7
28. Ra4 Bg2 29. h4 1-0

[Event "Desafio #04"]
[Site "http://www.queenalice.com/game.php?id=648817"]
[Date "2009.9.7"]
[Round "-"]
[White "Kappat"]
[Black "Aylton"]
[Result "0-1"]
[WhiteElo "2100"]
[BlackElo "2126"]

1. e4 c5 2. Nf3 Nc6 3. d4 cxd4 4. Nxd4 e5 5. Nb3 d6 6. Nc3 f5 7. Bc4 Nf6 8. Bg5
h6 9. Bxf6 Qxf6 10. Nd5 Qd8 11. Qh5+ Kd7 12. Qxf5+ Ke8 13. Qg6+ Kd7 14. O-O-O
Ne7 15. Bb5+ Nc6 16. Nb6+ axb6 17. Rd5 Qf6 18. Qxf6 gxf6 19. Rhd1 Be7 20. f4
Rxa2 21. Kb1 Ra8 22. fxe5 fxe5 23. Rxe5 Kd8 24. Rh5 Bg4 0-1